Loading...
| Arts - Music | 7 | 15.71 | 100% | 57% | 0% |
| Arts - Other Arts | 6 | 21.67 | 100% | 83% | 33% |
| Arts - Painting | 5 | 18.00 | 100% | 80% | 0% |
| History - American History | 1 | 20.00 | 100% | 100% | 0% |
| History - European | 4 | 15.00 | 100% | 50% | 0% |
| History - Other History | 3 | 20.00 | 100% | 33% | 67% |
| History - World | 1 | 30.00 | 100% | 100% | 100% |
| History - World History | 8 | 18.75 | 100% | 63% | 25% |
| Literature - American Lit | 3 | 13.33 | 100% | 33% | 0% |
| Literature - British Lit | 5 | 22.00 | 100% | 100% | 20% |
| Literature - European Lit | 2 | 15.00 | 100% | 0% | 50% |
| Literature - World | 1 | 10.00 | 100% | 0% | 0% |
| Literature - World Lit | 4 | 17.50 | 100% | 50% | 25% |
| Mythology | 4 | 12.50 | 75% | 50% | 0% |
| NA | 1 | 20.00 | 100% | 100% | 0% |
| Other - Geo/CE | 6 | 18.33 | 100% | 50% | 33% |
| Other Academic | 6 | 13.33 | 100% | 17% | 17% |
| Pop Culture | 3 | 10.00 | 67% | 33% | 0% |
| Religion | 6 | 13.33 | 100% | 17% | 17% |
| Science - Biology | 1 | 10.00 | 100% | 0% | 0% |
| Science - Chemistry | 3 | 20.00 | 100% | 100% | 0% |
| Science - Engineering | 2 | 10.00 | 50% | 50% | 0% |
| Science - Other Science | 3 | 13.33 | 67% | 67% | 0% |
| Science - Physics | 5 | 20.00 | 100% | 60% | 40% |
| Thought - Philosophy | 7 | 12.86 | 100% | 29% | 0% |
| Thought - Social Science | 5 | 10.00 | 60% | 40% | 0% |